Land vs. Land #42 - Statistiken

Allgemein
  • Dieses Quiz wurde 32 mal gespielt
  • Das Durchschnittsergebnis liegt bei 12 aus 14
Antwortstatistiken
Frage Antwort % Korrekt
...Fläche? Namibia🇳🇦
97%
...Gewinner? Namibia🇳🇦
94%
...Bruttoinlandsprodukt? Namibia🇳🇦
90%
...Tourismus? Namibia🇳🇦
90%
...Einwohner? Namibia🇳🇦
87%
...Militär? Namibia🇳🇦
87%
...HDI (Human Development Index)? Namibia🇳🇦
87%
...Gesundheitswesen? Namibia🇳🇦
84%
...Exportmengen? Namibia🇳🇦
84%
...durchschnittlicher IQ? Namibia🇳🇦
81%
...Happy Planet Index? Namibia🇳🇦
71%
...Lebenserwartung? Namibia🇳🇦
71%
...Frieden? Namibia🇳🇦
68%
...Bruttoinlandsprodukt pro Kopf? Namibia🇳🇦
65%
Keine übereinstimmenden Quizze gefunden
Verteilung der Resultate
Anzahl Personen mit jedem Resultat
Perzentil nach korrekt beantworteten Fragen
Ihre Resultats-Entwicklung
Sie haben dieses Quiz noch nicht gespielt